|
|
|
|
| LEADER |
00000nam0a2200000 4500 |
| 001 |
236701 |
| 005 |
20231101231506.0 |
| 010 |
|
|
|a 9780470902936
|
| 035 |
|
|
|a (RuTPU)RU\TPU\book\257867
|
| 090 |
|
|
|a 236701
|
| 100 |
|
|
|a 20130429d2012 k y0engy50 ba
|
| 101 |
0 |
|
|a eng
|
| 102 |
|
|
|a US
|
| 105 |
|
|
|a a z 001zy
|
| 200 |
1 |
|
|a Heat Conduction
|f D. W. Hahn, M. N. Ozisik
|
| 205 |
|
|
|a 3rd ed.
|
| 210 |
|
|
|a Hoboken
|c John Wiley & Sons, Inc.
|d 2012
|
| 215 |
|
|
|a 718 p.
|c il.
|
| 320 |
|
|
|a Index: p. 713-718.
|
| 330 |
|
|
|a Heat Conduction, Third Edition is an update of the classic text on heat conduction, replacing some of the coverage of numerical methods with content on micro- and nanoscale heat transfer. With an emphasis on the mathematics and underlying physics, this new edition has considerable depth and analytical rigor, providing a systematic framework for each solution scheme with attention to boundary conditions and energy conservation. Chapter coverage includes:
|
| 606 |
1 |
|
|a Теплопроводность
|x (физика)
|2 stltpush
|3 (RuTPU)RU\TPU\subj\59794
|9 77292
|
| 610 |
1 |
|
|a физика
|
| 610 |
1 |
|
|a теплота
|
| 610 |
1 |
|
|a теплофизика
|
| 610 |
1 |
|
|a теплофизические процессы
|
| 610 |
1 |
|
|a теплообмен
|
| 610 |
1 |
|
|a английский язык
|
| 675 |
|
|
|a 536.2
|v 3
|
| 700 |
|
1 |
|a Hahn
|b D. W.
|g David
|
| 701 |
|
1 |
|a Ozisik
|b M. N.
|g Necati
|
| 801 |
|
1 |
|a RU
|b 63413507
|c 20130429
|
| 801 |
|
2 |
|a RU
|b 63413507
|c 20131125
|g RCR
|
| 942 |
|
|
|c BK
|
| 959 |
|
|
|a 87/20130424
|d 1
|e 0
|f ЧЗИЛ:1
|